Statystyki dla Filmy z jedzeniem w tytule

Kliknij tutaj aby rozwiązać quiz!

Ogólne statystyki

  • Ten quiz został rozwiązany 5 002 razy
  • Średni wynik to 6 z 21

Statystyki odpowiedzi

Film% Poprawnych
Charlie i Fabryka {czekolady}
94%
American {Pie}
72%
{Klopsiki} i inne zjawiska pogodowe
52%
Mechaniczna {pomarańcza}
50%
Smażone zielone {pomidory}
42%
Amator kwaśnych {jabłek}
36%
Co gryzie Gilberta {Grape}'a?
30%
{Kawa} i papierosy
29%
{Kurczak} Mały
28%
Kto wrobił {królika} Rogera?
25%
Dzieci {kukurydzy}
24%
{Rybka} zwana Wandą
22%
Mystic {Pizza}
15%
Słodka jak {cukierek}
15%
Kacza {zupa}
12%
{Herbatka} z Mussolinim
7%
Niepokonany Sea{biscuit}
6%
Święto {piwa}
5%
Smak {curry}
4%
{Jagodowa} miłość
3%
Operacja {Bekon}
2%

Rozkład punktacji

Percentyl według liczby udzielonych odpowiedzi

Procent ludzi z każdym wynikiem

Twoja historia wyników

Nie rozwiązałeś tego quizu